Business Ethics: An Indian Perspective, 3/e

Saved in:
Bibliographic Details
Main Author: Fernando
Format: Book
Published: Pearson
Tags: Add Tag
No Tags, Be the first to tag this record!

MARC

LEADER 00000nam a2200000Ia 4500
005 20260513122050.0
020 |a 9789353437442 
100 |a Fernando 
365 |c Rs. 
365 |b 25.00 
942 |c BK 
245 |a Business Ethics: An Indian Perspective, 3/e 
260 |b Pearson 
999 |c 35  |d 35 
952 |0 0  |1 0  |4 0  |7 0  |a UNSW  |b UNSW  |d 2026-05-06  |g 845.00  |i 16681  |l 0  |p 000060  |r 2026-05-13 12:20:50  |v 845.00  |w 2026-05-13  |y BK